000 00992nas a2200277 4500
001 BR8501109
003 BR-BrBNA
005 20231205090129.0
007 ta
008 230509b bl.|||p| |||| 00| 00por d
040 _aBR-BrBNA
_bpor
_cBiblioteca Nacional de Agricultura
041 _a(Pt)
072 _aQ20
100 1 _aFurtado, M.H.
100 1 _aLopes, N.F.
100 1 _aOliva, M.A.
100 1 _aMizubuti, A.
245 1 _aModificacoes nos teores de carboidratos em tuberculos de batata (Solanum tuberosum L.)armazenados a diferentes temperaturas
_bParte de tese
246 1 _aChanges in carbohydrate content of potato (Solanum tuberosum L.)tubers stored different temperatures
_b[Part of thesis]
650 _aBATATA
650 _aARMAZENAMENTO DE ALIMENTO
650 _aTOXICOLOGIA DE ALIMENTO
773 0 _tRevista Ceres (Brazil)
_xISSN 0034-737X
_g(Nov-Dec 1984), v. 31(178) p. 426-433
_wBR8501109
909 _a202311
_bLúcia
_c55
_dLúcia Elande
942 _2AGRIS
_n0
_cANA
999 _c116312
_d116312